| 000 | 01207nam a2200313 i 4500 | ||
|---|---|---|---|
| 003 | EG-GICUC | ||
| 005 | 20260309124045.0 | ||
| 008 | 260309s1965 ua ||||fr|||| 000 0 ara d | ||
| 040 |
_a EG-GICUC _bara _c EG-GICUC _d EG-GICUC _erda |
||
| 041 | 0 | _aara | |
| 082 | 0 | 4 |
_221 _a341.33 _bع ا . ح |
| 092 | 0 | 4 | _221 |
| 099 | _aLaw1 11 1965 341.33 ع ا . ح | ||
| 100 | 0 |
_aعائشة راتب ، _eمؤلف. |
|
| 245 | 1 | 2 |
_aالحصانة القضائية للمبعوثين الدبلوماسيين / _cتأليف الدكتورة عائشة راتب . |
| 264 |
_aالقاهرة : _bكلية الحقوق جامعة القاهرة ، _c١٩٦٥ . |
||
| 300 |
_a104 ؛ صفحة _c24 سم _bإيضاحيات، صور، مثيليات ؛ |
||
| 336 |
_2rda content _atext |
||
| 337 |
_2rda media _aComputer |
||
| 338 |
_2rda carrier _aOnline Resource |
||
| 504 | _aيشتمل على ارجاعات ببليوجرافية | ||
| 546 | _aالنص باللغة العربية | ||
| 650 | 1 | 4 |
_aالدبلوماسية _2qrmak |
| 650 | 1 | 4 |
_aالسلك الدبلوماسي _2qrmak |
| 651 | 1 | _2qrmak | |
| 856 | 4 | 0 | _uhttps://fll.law.cu.edu.eg/fulltext/bks/B11-04133.pdf |
| 905 | _a76 | ||
| 942 |
_2ddc _cBK _e21 _n0 |
||
| 999 |
_c65909 _d65909 |
||